000 00479nam a2200169Ia 4500
008 090711s9999 xx 000 0 und d
082 _b63758
100 _aकाशीकर एस. एम.
245 _aराहु - केतु
260 _c1989
300 _a184
600 _aकाशीकर एस. एम.
630 _aराहु - केतु
700 _aकाशीकर एस. एम.
730 _aराहु - केतु
942 _cBOOK
999 _c298015
_d298015